McGraw-Hill illustrated telecom dictionary

Salvato in:
Dettagli Bibliografici
Autore principale: Jade Clayton
Natura: Libro
Lingua:Undetermined
Pubblicazione: New York McGraw-Hill 1998
Soggetti:
Tags: Aggiungi Tag
Nessun Tag, puoi essere il primo ad aggiungerne! !
Thư viện lưu trữ: Trung tâm Học liệu Trường Đại học Cần Thơ
LEADER 00523nam a2200193Ia 4500
001 CTU_34983
008 210402s9999 xx 000 0 und d
020 |b 449.000đ 
082 |a 384.03 
082 |b C619 
100 |a Jade Clayton 
245 0 |a McGraw-Hill illustrated telecom dictionary 
245 0 |c Jade Clayton 
260 |a New York 
260 |b McGraw-Hill 
260 |c 1998 
650 |a telecommunication - dictionaries 
904 |i Minh, 000211 
980 |a Trung tâm Học liệu Trường Đại học Cần Thơ